000 00353nam a2200133Ia 4500
008 150201s2006 xx 000 0 und d
082 _a610
_bO06N
100 _aNILSON,KENT
245 _aTHE OSLER MEDICAL HAND BOOK
250 _a2ND
260 _bSUNDERS ELSEVIER
_aPHILADELPHIA
_c2006
650 _aOTHER CLINICAL & NON CLINICAL BOOKS
942 _2ddc
_cBK
999 _c1200
_d1200